Všestranné zásluhy Karola Brančíka

Bibliographic Details
Main Author: Jurkovič, Miloš (Author)
Format: Article
Language:Slovak
PhysicalDescription:Obr. 1.
Subjects:

MARC

LEADER 00000nab a2200000 a 4500
001 vtls000249030
003 SK-MaSNL
005 20260304230306.0
008 220422c1986 xo 0 slo
015 |a SNBRB19rr/mm-uuuuu 
035 |a CL0259144 
040 |a SNKBUCL  |b slo  |c SNKBUCL  |e AACR2 
041 0 |a slo 
044 |a xo  |c SK 
080 |a 5-051  |2 1981 
080 |a 61-051  |2 1981 
080 |a 929 Brančík, Karol  |2 1981 
100 1 |a Jurkovič, Miloš  |4 aut  |9 284809 
245 1 0 |a Všestranné zásluhy Karola Brančíka  |c Miloš Jurkovič 
300 |b Obr. 1. 
600 1 7 |a Brančík, Karol Jozef,  |d 1842-1915  |2 snkbucl  |9 253564 
655 7 |a články z novín a časopisov  |2 snkbucl  |9 267496 
773 0 |t Technické noviny  |g Roč. 34, č. 18 (1986), s. 2 
850 |a Slovenská národná knižnica v Martine  |a MTA001 
852 |a SNK  |b KIS3GCP 
958 |a BX 
958 |a RK 
958 |a ME 
992 |a RBX 
999 |c 3182425  |d 3184355